00544nam a2200145 a 450000100100000000500170001000800410002704000250006808200120009310000230010524501210012826000640024930000330031360000520034600003078120240409073642.0110530t1955 dr ac 000 0dspa d aDO-SdBNPbspacBNPHU aF-RD 361 aSanabia, Felipe E.10aDios, patria y libertad, divisa gloriosa de los Trinitarios, sublimada por Trujillo /cMonseñor Felipe E. Sanabia. aCiudad Trujillo, República Dominicana :bMontalvo,c1955. a25 p. :bil., retr. ;c25cm.10aTrujillo Molina, Rafael Leónidas,d 1891-1961